LDR 01070naa#a2200169#i#450# 001 RU\INFRA-M\bibl\126395 005 20260705080301.7 011 ## _a2306-1731 100 ## _a20260623b2026####ek#y0rusy0150####ca 102 ## _aRU 200 1# _aАспект «логика» в психософии: метакогнитивная интерпретация и эмпирическое исследование _eЖурнальная статья 210 1# _aМосква _cОбщество с ограниченной ответственностью «Научно-издательский центр ИНФРА-М» _d2026 215 ## _a9 с. 608 ## _aЖурнальная статья _2local 675 ## _aПсихологические типы. Индивидуальная психология. Психология личности. Индивидуальность. Личность.Психология характера. Характерология. Идеосинкрозия. Типы личностей. 159.923 _z 700 #1 _aЗвонарёва _gН. А. 856 4# _anaukaru.ru _u